VZŤAHY TVORIVOSTI A INTELIGENCIE DETÍ PREDŠKOLSKÉHO VEKU

Bibliographic Details
Main Author: Kováč, Tomáš, 1954-2008 (Author)
Format: Article
Language:Slovak

MARC

LEADER 00000nab a2200000ua 4500
001 vtls010749453
003 SK-MaSNL
005 20260304201935.0
008 250718s1983 xo |||||||||||||||||slo|
035 |a (urnnbn)urn:nbn:sk:snk:ar-a02x24 
035 |a (uuid)6c23a53b-4036-495d-b05a-a667be09bf47 
035 |a urn:nbn:sk:snk-ab4p13 
040 |a SNKBUCL  |b slo  |c SNKBUCL  |e AACR2 
041 0 |a slo 
044 |a xo  |c SK 
100 1 |a Kováč, Tomáš,  |d 1954-2008  |4 aut  |9 183197 
245 1 0 |a VZŤAHY TVORIVOSTI A INTELIGENCIE DETÍ PREDŠKOLSKÉHO VEKU  |c Tomáš Kováč 
773 0 |t Psychológia a patopsychológia dieťaťa  |g Roč. 18, č. 6 (1983), s. [497]-506 
850 |a Slovenská národná knižnica 
852 |a Slovenská národná knižnica 
954 |a odborná, vedecká literatúra pôvodná (slovenská)  |2 lita 
958 |a article3 
958 |a OND 
958 |a EUIPO 
999 |c 3099430  |d 3101360